=LDR 00000nam 2200000 4500 =001 INLIS000000000015460 =005 20250117095634 =035 ##$$a 0010-061300000015460 =008 250117################g##########0#ind## =041 ##$$a Indo =082 ##$$a R.2x0.000 3 =090 ##$$a R.2x0.000 3, Aud =100 ##$$a Audah Ali =245 1#$$a Konkordansi Qur'an : $b Paduan kata dalam mencari ayat Qur'an, /$c Ali Audah =260 ##$$a Jakarta :$b Pustaka Litera AntarNusa,$c 1991 =300 ##$$a vii, 861 hlm. ; $c 23 x 15 cm. =650 #4$$a Al Qur'an - Kamus =850 ##$$a NBPNMAT =020 ##$$a 979-8100-15-8 =084 ##$$a R.2x0.000 3 AUD k =250 ##$$a Cet. 1 =700 #$$a Syawaq, I. A =990 ##$$a 00035370 =990 ##$$a 00035371 =990 ##$$a 00035372 =990 ##$$a 00035373 =990 ##$$a 13311331 =990 ##$$a 13311331 =990 ##$$a 13311331 =990 ##$$a 13311331 =990 ##$$a 13311331 =990 ##$$a 48.211/pro-92 =990 ##$$a 00035370 =990 ##$$a 00035371 =990 ##$$a 00035372 =990 ##$$a 00035373 =990 ##$$a 1199200379 =990 ##$$a 1199200380 =990 ##$$a 1199200381 =990 ##$$a 1199200382 =990 ##$$a 48.211/pro-92 =990 ##$$a 00035371 =990 ##$$a 00035372 =990 ##$$a 00035373 =990 ##$$a 1199200379 =990 ##$$a 1199200380 =990 ##$$a 1199200381 =990 ##$$a 1199200382 =990 ##$$a 48.211/pro-92 =990 ##$$a 56.823/pro-93 =990 ##$$a 48.211/pro-92 =990 ##$$a 00035371 =990 ##$$a 00035372 =990 ##$$a 1199200379 =990 ##$$a 1199200380 =990 ##$$a 1199200381 =990 ##$$a 1199200382 =990 ##$$a 48.211/pro-92 =990 ##$$a 56.822/pro-93 =990 ##$$a 48.211/pro-92 =990 ##$$a 00035371 =990 ##$$a 56.823/pro-93 =990 ##$$a 1199200379 =990 ##$$a 1199200380 =990 ##$$a 1199200381 =990 ##$$a 1199200382 =990 ##$$a 48.211/pro-92 =990 ##$$a 56.820/pro-93 =990 ##$$a 48.211/pro-92 =990 ##$$a 56.822/pro-93 =990 ##$$a 56.823/pro-93 =990 ##$$a 1199200379 =990 ##$$a 1199200380 =990 ##$$a 1199200381 =990 ##$$a 1199200382 =990 ##$$a 48.211/pro-92